| 000 -LEADER |
| fixed length control field |
01163cam a22003497i 4500 |
| 003 - CONTROL NUMBER IDENTIFIER |
| control field |
OSt |
| 005 - DATE AND TIME OF LATEST TRANSACTION |
| control field |
20200317154158.0 |
| 008 - FIXED-LENGTH DATA ELEMENTS--GENERAL INFORMATION |
| fixed length control field |
170527s2017 sz aef b 000 0 eng d |
| 020 ## - INTERNATIONAL STANDARD BOOK NUMBER |
| International Standard Book Number |
9783035611175 |
| Qualifying information |
(pbk.) |
| 041 1# - LANGUAGE CODE |
| Language code of text/sound track or separate title |
eng |
| 082 04 - DEWEY DECIMAL CLASSIFICATION NUMBER |
| Classification number |
701.03 |
| Edition number |
23 |
| Item number |
ANT |
| 245 00 - TITLE STATEMENT |
| Title |
Social design - urban change : |
| Remainder of title |
arts as urban innovation / |
| Statement of responsibility, etc |
Anton Falkeis (ed.) ; translation from German into English: Janima Nam, Camilla Nielsen. |
| 246 38 - VARYING FORM OF TITLE |
| Title proper/short title |
Urban change |
| 300 ## - PHYSICAL DESCRIPTION |
| Extent |
160 pages, 24 unnumbered pages of plates : |
| Other physical details |
illustrations (some color), plans ; |
| Dimensions |
24 cm |
| 490 1# - SERIES STATEMENT |
| Series statement |
Edition Angewandte, |
| International Standard Serial Number |
1866-248X |
| 504 ## - BIBLIOGRAPHY, ETC. NOTE |
| Bibliography, etc |
Includes bibliographical references. |
| 650 #0 - SUBJECT ADDED ENTRY--TOPICAL TERM |
| Topical term or geographic name as entry element |
Art and society. |
| 650 #0 - SUBJECT ADDED ENTRY--TOPICAL TERM |
| Topical term or geographic name as entry element |
Urbanization. |
| 650 #7 - SUBJECT ADDED ENTRY--TOPICAL TERM |
| Topical term or geographic name as entry element |
Art and society. |
| Source of heading or term |
fast |
| 650 #7 - SUBJECT ADDED ENTRY--TOPICAL TERM |
| Topical term or geographic name as entry element |
Urbanization. |
| Source of heading or term |
fast |
| 650 #7 - SUBJECT ADDED ENTRY--TOPICAL TERM |
| Topical term or geographic name as entry element |
Stadtentwicklung |
| Source of heading or term |
gnd |
| 650 #7 - SUBJECT ADDED ENTRY--TOPICAL TERM |
| Topical term or geographic name as entry element |
Verstädterung |
| Source of heading or term |
gnd |
| 650 #7 - SUBJECT ADDED ENTRY--TOPICAL TERM |
| Topical term or geographic name as entry element |
Sozialer Wandel |
| Source of heading or term |
gnd |
| 650 #7 - SUBJECT ADDED ENTRY--TOPICAL TERM |
| Topical term or geographic name as entry element |
Stadtplanung |
| Source of heading or term |
gnd |
| 650 #7 - SUBJECT ADDED ENTRY--TOPICAL TERM |
| Topical term or geographic name as entry element |
Innovationspotenzial |
| Source of heading or term |
gnd |
| 650 #7 - SUBJECT ADDED ENTRY--TOPICAL TERM |
| Topical term or geographic name as entry element |
Architektur |
| Source of heading or term |
gnd |
| 650 #7 - SUBJECT ADDED ENTRY--TOPICAL TERM |
| Topical term or geographic name as entry element |
Künste |
| Source of heading or term |
gnd |
| 650 #7 - SUBJECT ADDED ENTRY--TOPICAL TERM |
| Topical term or geographic name as entry element |
Design |
| Source of heading or term |
gnd |
| 700 1# - ADDED ENTRY--PERSONAL NAME |
| Personal name |
Falkeis, Anton. |
| 830 #0 - SERIES ADDED ENTRY--UNIFORM TITLE |
| Uniform title |
Edition Die Angewandte, University Press. |
| 942 ## - ADDED ENTRY ELEMENTS (KOHA) |
| Source of classification or shelving scheme |
|